000 00358pab a2200145 454500
008 180718b2006 xxu||||| |||| 00| 0 eng d
100 _aBose, Renu
245 _aFeatures of banking sector reforms
260 _c2006
300 _ap.82-86.
362 _aJan-Jun
650 _aBanks
773 _aJournal of Economic and Social Development
909 _a73255
999 _c73255
_d73255